000 00781nam a2200265Ia 4500
008 160803s9999 xx 000 0 und d
020 _a 978-0439107983
100 _aMoore, Eve
245 4 _aThe truth about bats /
245 _cwritten by Eva Moore ; illustrations by Ted Enik.
260 _aNew York :
260 _bScholastic Inc.
260 _c1999
300 _a70 pages :
300 _billustrations ;
300 _c20 cm.
440 _aThe Magic school bus : a science chapter book ;
440 _v#1
500 _a"Based on The Magic School Bus books written by Joanna Cole and illustrated by Bruce Degen."--Title page verso.
650 _aBats --
650 _aBats --
650 _xFiction.
650 _xJuvenile fiction.
700 _a600
999 _c298475
_d298475